<?xml version="1.0" encoding="UTF-8"?><?xml-stylesheet type="text/xsl" href="static/style.xsl"?><OAI-PMH xmlns="http://www.openarchives.org/OAI/2.0/" xmlns:xsi="http://www.w3.org/2001/XMLSchema-instance" xsi:schemaLocation="http://www.openarchives.org/OAI/2.0/ http://www.openarchives.org/OAI/2.0/OAI-PMH.xsd"><responseDate>2026-06-29T02:43:59Z</responseDate><request verb="GetRecord" identifier="oai:docta.ucm.es:20.500.14352/126241" metadataPrefix="marc">https://docta.ucm.es/rest/oai/request</request><GetRecord><record><header><identifier>oai:docta.ucm.es:20.500.14352/126241</identifier><datestamp>2025-11-20T00:56:04Z</datestamp><setSpec>com_20.500.14352_14</setSpec><setSpec>col_20.500.14352_18</setSpec></header><metadata><record xmlns="http://www.loc.gov/MARC21/slim" xmlns:dcterms="http://purl.org/dc/terms/" xmlns:xsi="http://www.w3.org/2001/XMLSchema-instance" xmlns:doc="http://www.lyncode.com/xoai" xsi:schemaLocation="http://www.loc.gov/MARC21/slim http://www.loc.gov/standards/marcxml/schema/MARC21slim.xsd">
   <leader>00925njm 22002777a 4500</leader>
   <datafield ind2=" " ind1=" " tag="042">
      <subfield code="a">dc</subfield>
   </datafield>
   <datafield ind2=" " ind1=" " tag="720">
      <subfield code="a">Bruno, Paula Graciela</subfield>
      <subfield code="e">author</subfield>
   </datafield>
   <datafield ind2=" " ind1=" " tag="260">
      <subfield code="c">2025-06-01</subfield>
   </datafield>
   <datafield ind2=" " ind1=" " tag="520">
      <subfield code="a">En este ensayo focalizo la atención en dos primeras damas presidenciales que fueron antes esposas diplomáticas y artistas en el contexto de la Primera Guerra Mundial y el período de entreguerras. La indagación está motivada por las siguientes preguntas: ¿qué roles ocuparon las mujeres latinoamericanas asociadas a puestos estatales de poder en este período?; ¿en qué medida superaron -o no- los perfiles de acompañantes sin agenda ni agencia?; ¿en qué eventos y circuitos de diplomacia pública participaron y con qué objetivos?; ¿cómo estas mujeres y sus acciones públicas se imbricaron con la construcción de identidades en tensión como el latinoamericanismo, el panamericanismo y el hispanoamericanismo?</subfield>
   </datafield>
   <datafield ind1="8" ind2=" " tag="024">
      <subfield code="a">978-3-534-64322-6</subfield>
   </datafield>
   <datafield ind1="8" ind2=" " tag="024">
      <subfield code="a">978-3-534-64323-3</subfield>
   </datafield>
   <datafield ind1="8" ind2=" " tag="024">
      <subfield code="a">https://hdl.handle.net/20.500.14352/126241</subfield>
   </datafield>
   <datafield ind1="8" ind2=" " tag="024">
      <subfield code="a">https://www.lai.fu-berlin.de/disziplinen/geschichte/publikationen/Historamericana/Historamericana67/index.html</subfield>
   </datafield>
   <datafield ind1="8" ind2=" " tag="024">
      <subfield code="a">https://www.herder.de/wissen/shop/p8/96486-diplomacia-publica-iberoamericana-durante-el-periodo-de-entreguerras-gebundene-ausgabe/</subfield>
   </datafield>
   <datafield ind1="8" ind2=" " tag="024">
      <subfield code="a">https://bicyt.conicet.gov.ar/fichas/produccion/12702613</subfield>
   </datafield>
   <datafield ind2="0" ind1="0" tag="245">
      <subfield code="a">Artistas, esposas diplomáticas y primeras damas. Mujeres públicas sudamericanas en el periodo de entreguerras</subfield>
   </datafield>
</record></metadata></record></GetRecord></OAI-PMH>